000 02037cam a22003615a 4500
003 EG-ScBUE
005 20241109091534.0
008 160815t2018 enka f b 001 0 eng d
020 _a9781292176017
020 _a1292176016
040 _aStDuBDS
_beng
_erda
_cStDuBDS
_dUk
_dEG-ScBUE
_dEG-ScBUE
082 0 4 _a519.202462
_bJOH
_222
100 1 _aJohnson, Richard A.
_q(Richard Arnold),
_d1937-
_eauthor.
245 1 0 _aMiller & Freund's probability and statistics for engineers /
_cRichard A. Johnson, University of Wisconsin-Madison.
246 3 0 _aProbability and statistics for engineers
250 _aNinth edition.
250 _aGlobal edition.
264 1 _aHarlow :
_bPearson Education,
_c[2018]
264 4 _cc2018
300 _a546 pages :
_billustrations ;
_c28 cm
336 _2rdacontent
_atext
_btxt
337 _aunmediated
_2rdamedia
_bn
338 _avolume
_bnc
_2rdacarrier
504 _aIncludes bibliographical references and index.
520 _aAn Applications-Focused Introduction to Probability and Statistics Miller & Freund's Probability and Statistics for Engineers is rich in exercises and examples, and explores both elementary probability and basic statistics, with an emphasis on engineering and science applications. Much of the data has been collected from the author's own consulting experience and from discussions with scientists and engineers about the use of statistics in their fields. In later chapters, the text emphasizes designed experiments, especially two-level factorial design. The Ninth Edition includes several new datasets and examples showing application of statistics in scientific investigations, familiarizing students with the latest methods, and readying them to become real-world engineers and scientists.
600 1 7 _2BUEsh
_aMiller, Irwin,‏
_d1928-‏
600 1 7 _2BUEsh
_aFreund, John E.‏
650 7 _aEngineering
_xStatistical methods.
_2BUEsh
650 7 _aProbabilities.
_2BUEsh
653 _bENGGEN
_cMarch2019
655 _vReading book
942 _2ddc
_cBB
999 _c27313
_d27284